Normal view MARC view

Entry Nombre personal

Number of records used in: 3

001 - NÚMERO DE CONTROL

  • campo de control: 140628

003 - IDENTIFICADOR DE NÚMERO DE CONTROL

  • campo de control: SpMaBN

005 - FECHA Y HORA DE LA ÚLTIMA TRANSACCIÓN

  • campo de control: 20231129205840.0

008 - ELEMENTOS DE DATO DE LONGITUD-FIJA

  • campo de control de longitud fija: 901120nn aijnnaabn a aaa

016 ## - NÚMERO DE CONTROL DE UNA AGENCIA BIBLIOGRÁFICA NACIONAL

  • Número de control del registro: BNE19900014948

024 7# - IDENTIFICADOR DE OTROS ESTÁNDARES

  • Número estándar o código: http://viaf.org/viaf/32032668/
  • Fuente: viaf

024 7# - IDENTIFICADOR DE OTROS ESTÁNDARES

  • Número estándar o código: https://isni.org/isni/0000000066311208
  • Fuente: isni

024 7# - IDENTIFICADOR DE OTROS ESTÁNDARES

  • Número estándar o código: http://www.wikidata.org/entity/Q5875787
  • Fuente: wikidata

040 ## - FUENTE DE CATALOGACIÓN

  • Centro catalogador/agencia de origen: SpMaBN
  • Lengua de catalogación: spa
  • Centro/agencia transcriptor: SpMaBN
  • Normas de descripción: rdc
  • Convención/Normas de encabezamiento de materia/tesauro: embne

046 ## - FECHAS CON CODIFICACIÓN ESPECIAL

  • Fecha de nacimiento: 1537
  • Fecha de la muerte: 1601

100 1# - ENCABEZAMIENTO-NOMBRE DE PERSONA

  • Nombre de persona: Astete, Gaspar,
  • Fechas asociadas al nombre: 1537-1601

370 ## - LUGAR ASOCIADO

  • Lugar de nacimiento: España, Castilla y León, Salamanca (Provincia), Coca de Alba

370 ## - LUGAR ASOCIADO

  • Lugar de fallecimiento: España, Castilla y León, Burgos (Provincia), Burgos

373 ## - GRUPO ASOCIADO

  • Grupo asociado: Jesuitas
  • Fuente del término: abne

374 ## - OCUPACIÓN

  • Ocupación: Escritores
  • Ocupación: Catequistas

375 ## - GÉNERO/SEXO

  • Género: Masculino

377 ## - IDIOMA ASOCIADO

  • Término de lengua/lenguaje: Español

400 1# - TRAZADO DE VÉASE--NOMBRE DE PERSONA

  • Nombre de persona: Astete,
  • Títulos y otros términos asociados al nombre: Padre,
  • Fechas asociadas al nombre: 1537-1601

670 ## - FUENTE DE DATOS ENCONTRADOS

  • Cita de la fuente: Catecismo de la doctrina cristiana, 1982
  • Información encontrada: port. (Gaspar Astete, S.J.)

670 ## - FUENTE DE DATOS ENCONTRADOS

  • Cita de la fuente: Catecismos de Astete y Ripalda, 1987

670 ## - FUENTE DE DATOS ENCONTRADOS

  • Cita de la fuente: Dic. enc. Espasa
  • Información encontrada: (Astete, Gaspar; Jesuita, n. en Salamanca y m. en Burgos (1537-1601))

670 ## - FUENTE DE DATOS ENCONTRADOS

  • Cita de la fuente: WWW Diccionario Biográfico RAH, 19-2-2021
  • Información encontrada: (Astete, Gaspar. Coca de Alba (Salamanca), 1537 – Burgos, 30-8-1601. Jesuita (SI) y catequista)
  • Identificador Uniforme de Recursos: http://dbe.rah.es/biografias/6996/gaspar-astete